Abbey Homesteads (Developments) Limited v Northamptonshire CC (Record no. 35923)
[ view plain ]
| 000 -LEADER | |
|---|---|
| fixed length control field | 01876cab a2200265 4500 |
| 001 - CONTROL NUMBER | |
| control field | ABS46557 |
| 008 - FIXED-LENGTH DATA ELEMENTS--GENERAL INFORMATION | |
| fixed length control field | 090401t1992 xxu||||| |||| 00| 0 eng d |
| 035 ## - SYSTEM CONTROL NUMBER | |
| System control number | (Sirsi) u58745 |
| 041 ## - LANGUAGE CODE | |
| Language code of text/sound track or separate title | eng |
| 245 ## - TITLE STATEMENT | |
| Title | Abbey Homesteads (Developments) Limited v Northamptonshire CC |
| 260 ## - PUBLICATION, DISTRIBUTION, ETC. | |
| Date of publication, distribution, etc. | 1992 |
| 350 ## - PRICE (NR) (BK AM CF MU VM SE) [OBSOLETE] | |
| Price | 0 |
| 490 ## - SERIES STATEMENT | |
| Series statement | Rating & Valuation Reporter |
| Volume/sequential designation | (1992) 32 RVR 110-117(8) |
| 520 ## - SUMMARY, ETC. | |
| Summary, etc. | CA 11 March 1992. The county council compulsorily purchased 1.23 ha of land belonging to the claimant company, X, part of 13.88 ha. X applied to the districy council for planning permission for residential development and they entered into an agreement under Town and Country Planning Act 1971 s52, which contained a covenant that `an area of 1.3ha adjacent to the playing field and amenity open spaces shall be reserved for school purposes`. Outline planning permission was granted for 343 units, open space,a site for a primary school and local shops. X carried out the development omitting the 1.3ha. In July 1983 the county council as education authority made a cpo to acquire 1.23ha. No objection was made and it was confirmed. The valuation date was 18 May 1984. LT determined the compensation payable at £300,00 on the basis that in assessing compensation the restrictive covenant must be disregarded as it was part of the scheme underlying the acquisition. The council appealed. CA held tha |
| 650 ## - SUBJECT ADDED ENTRY--TOPICAL TERM | |
| Topical term or geographic name entry element | LAND COMPENSATION ACT 1961 |
| 650 ## - SUBJECT ADDED ENTRY--TOPICAL TERM | |
| Topical term or geographic name entry element | LAW AND PROPERTY ACT 1925 |
| 650 ## - SUBJECT ADDED ENTRY--TOPICAL TERM | |
| Topical term or geographic name entry element | PLANNING PERMISSION |
| 650 ## - SUBJECT ADDED ENTRY--TOPICAL TERM | |
| Topical term or geographic name entry element | POINTE GOURDE QUARRYING AND TRANSPORT CO LTD V CROWN LANDS SUPERINTENDENT |
| 650 ## - SUBJECT ADDED ENTRY--TOPICAL TERM | |
| Topical term or geographic name entry element | RESTRICTIVE COVENANTS |
| 650 ## - SUBJECT ADDED ENTRY--TOPICAL TERM | |
| Topical term or geographic name entry element | S52 AGREEMENTS |
| 650 ## - SUBJECT ADDED ENTRY--TOPICAL TERM | |
| Topical term or geographic name entry element | TOWN AND COUNTRY PLANNING ACT 1971 S52 |
| 690 ## - LOCAL SUBJECT ADDED ENTRY--TOPICAL TERM (OCLC, RLIN) | |
| Topical term or geographic name as entry element | ENVIRONMENTAL AND LAND CONSULTANCY-PLANNING AND DEVELOPMENT-COMPULSORY PURCHASE AND COMPENSATION |
| 942 ## - ADDED ENTRY ELEMENTS (KOHA) | |
| Suppress in OPAC | 0 |
| 948 ## - LOCAL PROCESSING INFORMATION (OCLC); SERIES PART DESIGNATOR (RLIN) | |
| c (OCLC) | 04/03/1997 |
| Withdrawn status | Lost status | Source of classification or shelving scheme | Damaged status | Not for loan | Home library | Current library | Shelving location | Date acquired | Total Checkouts | Full call number | Barcode | Date last seen | Copy number | Price effective from | Koha item type |
|---|---|---|---|---|---|---|---|---|---|---|---|---|---|---|---|
| Dewey Decimal Classification | London | London | Journal article | 14/09/1999 | ABS46557 | 58745-1001 | 06/08/2019 | 1 | 06/08/2019 | Law report |